personnage de flash - Statistiques

Statistiques générales
  • Ce quiz a été pris 1 222 fois
  • Le résultat moyen est 8 sur 15
Statistiques - réponses
indice personnage % Correct
il cours plus vite que le son barry allen / flash
90%
la petite amie du hero iris west
90%
un officier qui as peur de rien joe west
78%
il as renoncé a ces pouvoirs cisco
71%
elle as une double personnalité glacial catlyne / killer frost
60%
l'homme en jaune nega flash / harrisson wells
59%
il est le jumeau du hero dans la saison 3 savitar
58%
le fils de l'officier qui as heriter de pouvoir wally west
55%
le medecin qui a tué ca femme henry allen
51%
il arrete les balles de la police zoom
51%
son arme jete un froid partout ou il passe snart / captaine cold
38%
l'intelligence la rendu fou de voe
34%
elle est le commencement et la fin du hero morte trop tot nora allen
33%
l'opposer lui il rechauffe rory
18%
il as une tete de mechant mais il ne court pas aussi vite que dans la sason 1 hr wells
8%
Aucun quiz correspondant
Distribution des résultats
% des personnes avec chaque résultat
Percentile par nombre de réponses
Votre historique - résultats
Vous n’avez pas pris ce quiz